LEADER 01971nam 2200529 a 450 001 9910787548503321 005 20170821165448.0 010 $a2-7420-1180-3 035 $a(CKB)2670000000408576 035 $a(EBL)3317876 035 $a(SSID)ssj0001128988 035 $a(PQKBManifestationID)11662655 035 $a(PQKBTitleCode)TC0001128988 035 $a(PQKBWorkID)11068131 035 $a(PQKB)10031890 035 $a(MiAaPQ)EBC3317876 035 $a(PPN)176624716 035 $a(EXLCZ)992670000000408576 100 $a20130729d2011 uy 0 101 0 $aeng 135 $aur|n|---||||| 181 $ctxt 182 $cc 183 $acr 200 10$aExtratemporal lobe epilepsy surgery$b[electronic resource] /$fMohamad Z. Koubeissi and Robert J. Maciunas 210 $aMontrouge, France $cJohn Libbey Eurotext$d2011 215 $a1 online resource (529 p.) 225 1 $aProgress in epileptic disorders / International Epilepsy Colloquium-Clevland,$x1777-4284 ;$vv. 10 300 $aDescription based upon print version of record. 311 $a2-7420-0772-5 320 $aIncludes bibliographical references. 327 $asection 1. Semiology of extratemporal epilepsy -- section 2. Non-invasive neurophysiology of extratemporal lobe epilepsies -- section 3. Neuroimaging of extra temporal lobe epilepsies -- section 4. Invasive evaluation of extratemporal lobe epilepsies -- section 5. Surgery and outcome of extratemporal lobe epilepsies. 410 0$aProgress in epileptic disorders ;$vv. 10. 606 $aEpilepsy$xSurgery 606 $aEpileptics 615 0$aEpilepsy$xSurgery. 615 0$aEpileptics. 676 $a616.853 700 $aKoubeissi$b Mohamad Z$01550562 701 $aMaciunas$b Robert J$01550563 801 0$bMiAaPQ 801 1$bMiAaPQ 801 2$bMiAaPQ 906 $aBOOK 912 $a9910787548503321 996 $aExtratemporal lobe epilepsy surgery$93809462 997 $aUNINA LEADER 01566nam0 22003611i 450 001 UON00383058 005 20231205104536.994 010 $a978-35-15-08818-3 100 $a20100705d2008 |0itac50 ba 101 $ager 102 $aDE 105 $a|||| ||||| 200 1 $aˆEine ‰Insel im Meer der Geschichten$eUntersuchungen zu Mythen aus Lemnos$fVirgilio Masciadri 210 $aStuttgart$cSteiner$d2008 215 $a412 p.$cill. $d24 cm 410 1$1001UON00384514$12001 $aPotsdamer Altertumswissenschaftliche Beitrage (PAwB)$fherausg. von Pedro Barcelò... [et al.]$v18 606 $aANIMALI NELLA LETTERATURA CLASSICA$3UONC070468$2FI 606 $aLetteratura e mitologia$xGrecia antica$3UONC029016$2FI 606 $aMito$3UONC034205$2FI 606 $aMITOLOGIA GRECA$xMyrina (Isola di Lemno)$3UONC076464$2FI 606 $aMitologia greca nella letteratura$3UONC028811$2FI 606 $aSOFOCLE$xOpere$xFilottete$3UONC076462$2FI 606 $aTRAGEDIA GRECA$xStoria e critica$3UONC053284$2FI 620 $aDE$dWiesbaden$3UONL003153 676 $a292.13$cMitologia classica$v20 700 1$aMASCIADRI$bVirgilio$3UONV198252$0472606 712 $aSteiner$3UONV245907$4650 801 $aIT$bSOL$c20251031$gRICA 899 $aSIBA - SISTEMA BIBLIOTECARIO DI ATENEO$2UONSI 912 $aUON00383058 950 $aSIBA - SISTEMA BIBLIOTECARIO DI ATENEO$dSI F 273 $eSI MC 33302 5 996 $aInsel im Meer der Geschichten$91357633 997 $aUNIOR